Skúšobníctvo a certifikácia

Bibliographic Details
Main Author: Kučková, Anna (Author)
Format: Article
Language:Slovak
ISSN:1210-0978
Subjects:

MARC

LEADER 00000nab a2200000 a 4500
001 vtls000705057
003 SK-MaSNL
005 20260304133327.0
008 250429c1999 xo 0 slo
015 |a SNBRB1999/10-24419 
035 |a CLN000057224 
035 |a urn:nbn:sk:snk-ab31pa 
035 |a (urnnbn)urn:nbn:sk:snk:ar-a04mg3 
035 |a (uuid)7eb1c8f5-3918-4e2b-8aea-6d953e7570fb 
040 |a SNKBUCL  |b slo  |c SNKBUCL  |e AACR2 
041 0 |a slo 
044 |a xo  |c SK 
080 |a 69.002.64:658.562:658.62.018.2  |2 1997 
080 |a 658.562  |2 1997 
080 |a 658.62.018.2  |2 1997 
100 1 |a Kučková, Anna  |4 aut  |9 791104 
245 1 0 |a Skúšobníctvo a certifikácia  |c Anna Kučková 
650 0 7 |a stavebné výrobky  |2 snkbucl  |9 66020 
650 0 7 |a skúšobníctvo štátne  |2 snkbucl  |9 899336 
650 0 7 |a certifikácia  |2 snkbucl  |9 4427 
655 7 |a články z novín a časopisov  |2 snkbucl  |9 267496 
773 0 |t Horizonty dopravy  |g Roč. 7, č. 3 (1999), s. 23-25  |x 1210-0978 
850 |a Slovenská národná knižnica 
852 |a Slovenská národná knižnica 
954 |a odborná, vedecká literatúra pôvodná (slovenská)  |2 lita 
958 |a article27 
958 |a OND 
958 |a SK 
958 |a EUIPO 
992 |a RBX 
999 |c 2900949  |d 2902879